[Event "Kishinev Independence Cup"]
[Site "Kishinev"]
[Date "2008.08.11"]
[Round "4"]
[White "Belosvetov, Nikolaj"]
[Black "Partac, Elena"]
[Result "0-1"]
[WhiteElo "2273"]
[BlackElo "2138"]
[PlyCount "116"]
[EventDate "2008.08.08"]
[EventType "tourn"]
[EventRounds "11"]
[EventCountry "MDA"]
[SourceTitle "EXT 2010"]
[Source "ChessBase"]
[SourceDate "2010.11.25"]
[SourceVersion "1"]
[SourceVersionDate "2010.11.25"]
[SourceQuality "1"]

1. d4 Nf6 2. c4 e6 3. g3 Nc6 4. Nf3 Bb4+ 5. Bd2 Qe7 6. Bg2 Bxd2+ 7. Nbxd2 d6 8. 0-0 0-0 9. e4 e5 10. d5 Nb8 11. Ne1 Bg4 12. f3 Bd7 13. Nd3 a5 14. b3 c6 15. Re1 cxd5 16. cxd5 Bb5 17. Bf1 Nbd7 18. Nb2 Bxf1 19. Rxf1 Qd8 20. Qe2 Qb6+ 21. Kg2 Rfc8 22. Rac1 Nc5 23. Nbc4 Qa6 24. Rc2 Rc7 25. Rfc1 Rac8 26. Kf1 Ne8 27. Ke1 g6 28. Kd1 Kg7 29. Nb2 Qxe2+ 30. Kxe2 f5 31. Nbc4 Kf6 32. Nxa5 Nxb3 33. axb3 Rxc2 34. Rxc2 Rxc2 35. Nxb7 Ke7 36. Na5 Nc7 37. Nc6+ Kd7 38. Nb4 Rc1 39. Nd3 Ra1 40. h4 Nb5 41. Ke3 Nd4 42. f4 fxe4 43. Kxe4 Ra2 44. fxe5 Rxd2 45. Kxd4 dxe5+ 46. Ke3 Rd1 47. Ke2 Rb1 48. Nxe5+ Kd6 49. Nf7+ Kxd5 50. Ng5 h5 51. Kf3 Rxb3+ 52. Kf4 Rb4+ 53. Kf3 Ke5 54. Nh3 Rb3+ 55. Kg2 Kf5 56. Nf4 Kg4 57. Nxg6 Rb2+ 58. Kf1 Kxg3 0-1

[Event "Ilichevsk Sunny Pawn-B"]
[Site "Ilichevsk"]
[Date "2008.07.24"]
[Round "5"]
[White "Romcovici, Victor"]
[Black "Belosvetov, Nikolaj"]
[Result "1-0"]
[WhiteElo "2222"]
[BlackElo "2273"]
[PlyCount "43"]
[EventDate "2008.07.20"]
[EventType "tourn"]
[EventRounds "11"]
[EventCountry "UKR"]
[SourceTitle "CBM 125 Extra"]
[Source "ChessBase"]
[SourceDate "2008.09.01"]
[SourceVersion "1"]
[SourceVersionDate "2008.09.01"]
[SourceQuality "1"]

1. d4 Nf6 2. Bg5 c5 3. d5 Qb6 4. Nc3 Qxb2 5. Bd2 Qb6 6. Rb1 Qd8 7. e4 e5 8. f4 d6 9. fxe5 dxe5 10. Nf3 Bd6 11. Bc4 a6 12. a4 0-0 13. 0-0 Ne8 14. Qe1 g6 15. Bh6 Ng7 16. Ng5 f6 17. Ne6 Bxe6 18. dxe6 Be7 19. Rxb7 Nc6 20. Rd7 Qe8 21. Nd5 Ra7 22. Nxe7+ 1-0

[Event "Ilichevsk Sunny Pawn op"]
[Site "Ilichevsk"]
[Date "2007.07.31"]
[Round "11"]
[White "Najgebauer, Szemjon"]
[Black "Belosvetov, Nikolaj"]
[Result "1/2-1/2"]
[WhiteElo "2132"]
[BlackElo "2325"]
[PlyCount "100"]
[EventDate "2007.07.20"]
[EventType "swiss"]
[EventRounds "11"]
[EventCountry "UKR"]
[SourceTitle "CBM 119 Extra"]
[Source "ChessBase"]
[SourceDate "2007.09.04"]
[SourceVersion "1"]
[SourceVersionDate "2007.09.04"]
[SourceQuality "1"]

1. d4 Nf6 2. c4 g6 3. Nc3 Bg7 4. e4 0-0 5. Nf3 d6 6. Be2 Bg4 7. 0-0 Nfd7 8. h3 Bxf3 9. Bxf3 Nc6 10. Be3 e5 11. d5 Nd4 12. Rc1 c5 13. dxc6 bxc6 14. b4 Rb8 15. b5 cxb5 16. Nxb5 Qb6 17. Bg4 f5 18. exf5 gxf5 19. Bf3 a6 20. Bd5+ Kh8 21. Nc3 Rbe8 22. Kh1 Nc5 23. g3 Qd8 24. Qd2 Qf6 25. Bg2 f4 26. Bxd4 exd4 27. Nd5 Qh6 28. gxf4 Ne6 29. Rfe1 Be5 30. Rcd1 Nxf4 31. Re4 Qh5 32. Nxf4 Rxf4 33. Rxf4 Bxf4 34. Qxd4+ Be5 35. Qg4 Qf7 36. Rf1 Rg8 37. Bd5 Rxg4 38. Bxf7 Rf4 39. Bd5 Kg7 40. Kg2 Rd4 41. f3 Rd2+ 42. Rf2 Rxf2+ 43. Kxf2 Kh6 44. Ke3 Kg5 45. Ke4 Bh2 46. Be6 a5 47. Bg8 h6 48. Be6 Kf6 49. Bd7 Bg1 50. Kd5 Bc5 1/2-1/2

[Event "Ilichevsk Sunny Pawn op"]
[Site "Ilichevsk"]
[Date "2007.07.21"]
[Round "2"]
[White "Petrushin, Alexander I"]
[Black "Belosvetov, Nikolaj"]
[Result "0-1"]
[WhiteElo "2474"]
[BlackElo "2325"]
[PlyCount "96"]
[EventDate "2007.07.20"]
[EventType "swiss"]
[EventRounds "11"]
[EventCountry "UKR"]
[SourceTitle "CBM 119 Extra"]
[Source "ChessBase"]
[SourceDate "2007.09.04"]
[SourceVersion "1"]
[SourceVersionDate "2007.09.04"]
[SourceQuality "1"]

1. Nf3 c5 2. e4 e6 3. Nc3 a6 4. d4 cxd4 5. Nxd4 Qc7 6. Bd3 Nf6 7. 0-0 Nc6 8. Nxc6 dxc6 9. Be3 e5 10. h3 Bd6 11. a4 b6 12. Ne2 Be6 13. f4 exf4 14. Nxf4 0-0 15. c3 Rfe8 16. Qf3 Kh8 17. g4 Nd7 18. Bd4 Be5 19. Nxe6 fxe6 20. Bc4 c5 21. Be3 Qc6 22. Rad1 b5 23. axb5 axb5 24. Ba2 Bd6 25. Bb1 Ne5 26. Qg2 Nc4 27. Bc1 Be5 28. b3 Nb6 29. Qc2 c4 30. b4 Kg8 31. Be3 Rf8 32. Bd4 Qc7 33. g5 Nd7 34. h4 Rxf1+ 35. Rxf1 Qd6 36. Rd1 Qe7 37. Qg2 Rf8 38. Qg4 Rf4 39. Qh3 Rf8 40. Rd2 Bf4 41. Rg2 Ne5 42. Bc2 Nf3+ 43. Kh1 Nxd4 44. cxd4 Qxb4 45. Qxe6+ Kh8 46. Qh3 Qe1+ 47. Rg1 Qd2 48. Qa3 Qh2# 0-1

[Event "Alushta Summer 3rd"]
[Site "Alushta"]
[Date "2005.06.27"]
[Round "11"]
[White "Tukhaev, Adam"]
[Black "Belosvetov, Nikolaj"]
[Result "1/2-1/2"]
[WhiteElo "2419"]
[BlackElo "2340"]
[PlyCount "40"]
[EventDate "2005.06.17"]
[EventType "tourn"]
[EventRounds "11"]
[EventCountry "UKR"]
[EventCategory "7"]
[SourceTitle "CBM 106 Extra"]
[Source "ChessBase"]
[SourceDate "2005.07.01"]
[SourceVersion "1"]
[SourceVersionDate "2005.07.01"]
[SourceQuality "1"]

1. e4 c5 2. Nf3 d6 3. d4 cxd4 4. Nxd4 Nf6 5. Nc3 Nc6 6. f3 e5 7. Nb3 Be7 8. Be3 0-0 9. Qd2 a5 10. Bb5 Be6 11. Rd1 Ne8 12. a3 Nc7 13. Bd3 Qb8 14. Bb6 a4 15. Nc1 Nd4 16. 0-0 d5 17. Bxc7 Qxc7 18. Nxd5 Bxd5 19. exd5 Qb6 20. Kh1 Qxb2 1/2-1/2

[Event "Alushta Summer 3rd"]
[Site "Alushta"]
[Date "2005.06.21"]
[Round "5"]
[White "Belosvetov, Nikolaj"]
[Black "Kuzmin, Gennadi P"]
[Result "1/2-1/2"]
[WhiteElo "2340"]
[BlackElo "2510"]
[PlyCount "37"]
[EventDate "2005.06.17"]
[EventType "tourn"]
[EventRounds "11"]
[EventCountry "UKR"]
[EventCategory "7"]
[SourceTitle "CBM 106 Extra"]
[Source "ChessBase"]
[SourceDate "2005.07.01"]
[SourceVersion "1"]
[SourceVersionDate "2005.07.01"]
[SourceQuality "1"]

1. d4 Nf6 2. c4 e6 3. Nc3 Bb4 4. e3 b6 5. Nge2 Ne4 6. Qc2 Bb7 7. f3 Nxc3 8. Nxc3 Qh4+ 9. Kd1 Bxc3 10. Qxc3 0-0 11. Bd2 d6 12. Kc2 c5 13. Rd1 d5 14. Kb1 Rc8 15. dxc5 Nd7 16. cxd5 Bxd5 17. Qd4 Qxd4 18. exd4 bxc5 19. Bb5 1/2-1/2

[Event "Alushta Summer 3rd"]
[Site "Alushta"]
[Date "2005.06.17"]
[Round "1"]
[White "Belosvetov, Nikolaj"]
[Black "Ajrapetjan, Yuriy"]
[Result "0-1"]
[WhiteElo "2340"]
[BlackElo "2395"]
[PlyCount "138"]
[EventDate "2005.06.17"]
[EventType "tourn"]
[EventRounds "11"]
[EventCountry "UKR"]
[EventCategory "7"]
[SourceTitle "CBM 106 Extra"]
[Source "ChessBase"]
[SourceDate "2005.07.01"]
[SourceVersion "1"]
[SourceVersionDate "2005.07.01"]
[SourceQuality "1"]

1. Nf3 Nf6 2. g3 c5 3. c4 Nc6 4. Bg2 d5 5. 0-0 g6 6. cxd5 Nxd5 7. d4 Bg7 8. dxc5 Bf5 9. Qa4 Qa5 10. Qxa5 Nxa5 11. Nh4 Be6 12. Na3 Rc8 13. Rb1 Nc6 14. Bd2 Ndb4 15. Bxc6+ Nxc6 16. b3 Nd4 17. e3 Ne2+ 18. Kh1 Rxc5 19. Rfe1 Nc3 20. Rbc1 g5 21. Ng2 0-0 22. f3 Rfc8 23. Rc2 g4 24. Nf4 Bd7 25. Nc4 Nd5 26. Nd3 R5c7 27. e4 Nb6 28. Bf4 Rc6 29. Nb4 Rc5 30. Be3 Rb5 31. Nxb6 Rxc2 32. Nxc2 axb6 33. Rd1 Be8 34. f4 Bc6 35. Rd8+ Bf8 36. Kg1 Bxe4 37. Nd4 Rd5 38. Rb8 Rd7 39. f5 Kg7 40. Kf2 Bb1 41. Bf4 Rd5 42. Rxb7 Bxf5 43. Rxb6 Bg6 44. Rb5 Rxb5 45. Nxb5 Kf6 46. Bc7 Bd3 47. a4 Bxb5 48. axb5 Ke6 49. Bf4 Kd5 50. Ke3 Kc5 51. Ke4 Kxb5 52. Kf5 Kb4 53. Kxg4 Kxb3 54. Kf5 Bg7 55. g4 Kc2 56. Ke4 Kd1 57. Bg5 e6 58. h4 Ke2 59. Be3 h5 60. g5 Bc3 61. Bf4 Be1 62. Ke5 Kf3 63. Bc1 Bxh4 64. Kf6 Kg4 65. Kxf7 Bxg5 66. Bb2 h4 67. Bd4 h3 68. Bg1 Kg3 69. Kxe6 Kg2 0-1